| 000 | 00569cam a2200217ua 4500 | ||
|---|---|---|---|
| 001 | 10852 | ||
| 008 | 190409n ii |||gr||||Z||||||asm | ||
| 020 | _a9789381784532 | ||
| 040 | _cMAIN | ||
| 041 | _aasm | ||
| 082 | _a327.54 | ||
| 100 |
_aNabin Gohain, _eAuthor. |
||
| 245 |
_aBharatar baideshik niti _cBy Nabin Gohain and Momi Dutta Kotoky |
||
| 250 | _a1st ed. | ||
| 260 |
_aJorhat: _bBidya bhawan, _c2013. |
||
| 300 | _a410p. | ||
| 653 | _aInternational relations | ||
| 653 | _aForeign policy of India | ||
| 700 |
_aMomi Dutta Kotoky, _eAuthor. |
||
| 942 | _cBK | ||
| 999 |
_c9810 _d9810 |
||